000
00344nam a2200145Ia 4500
008
220928s9999 xx 000 0 und d
082
_b
GUP
100
_a
GUPTA, ALOK
245
0
_a
SANSTHA PRADHAN MARGDARSHIKA
260
_b
YATINDRA SAHITYA BHAWAN, BHILWARA
_c
2013
300
_a
260
650
_a
General
942
_c
BK
999
_c
208375
_d
208375
041
_a
HINDI